000 00279nam a2200121Ia 4500
008 191201s2005 xx 000 0 und d
100 _aAHUJA, Markanday
245 0 _aEye Care
260 _aN. delhi
_bCreast pub
_c2005
300 _a188
650 _aGeneral Books
942 _2ddc
_cBK
999 _c724
_d724